00511nam a2200169Ia 4500008004100000020001800041040001900059041001200078082002500090245006700115260004500182300003000227504001900257650001800276700002900294850001800323131103s9999 xx 000 0 und d a0 85229 600 2 aLoreto College aEnglish a030/BRIbLCLIB/37699 aBritannica book of the year 1994cEdited by Charles P Trumbull aChicagobEncyclopaedia Britannicac1994c a928p.b ill.chartc 24cm. aIncludes index aEncyclopaedia aTrumbull,Charles P ; ed. aLCLIB/030/BRI